000
00271nam a22001217a 4500
003
SGT
082
_a
658.4033,AND
100
_a
ANDERSON, DAVID R
245
_a
QUANTITATIVE METHODS FOR BUSINESS
250
_a
10th
260
_a
NEW DELHI
_b
THOMSON
_c
2006
942
_2
ddc
_c
CD
999
_c
10801
_d
10801